<?xml version="1.0" encoding="UTF-8"?>
<record
    xmlns:xsi="http://www.w3.org/2001/XMLSchema-instance"
    xsi:schemaLocation="http://www.loc.gov/MARC21/slim http://www.loc.gov/standards/marcxml/schema/MARC21slim.xsd"
    xmlns="http://www.loc.gov/MARC21/slim">

  <leader>02499nam a22003493i 4500</leader>
  <controlfield tag="001">991027365320007026</controlfield>
  <controlfield tag="003">UkOxU</controlfield>
  <controlfield tag="005">20251023161613.0</controlfield>
  <controlfield tag="006">m     o  d |      </controlfield>
  <controlfield tag="007">cr cnu||||||||</controlfield>
  <controlfield tag="008">220410s2020    xx      o     ||||0 eng d</controlfield>
  <datafield tag="020" ind1=" " ind2=" ">
    <subfield code="a">9781529424522</subfield>
  </datafield>
  <datafield tag="035" ind1=" " ind2=" ">
    <subfield code="a">(MiAaPQ)EBC6946200</subfield>
  </datafield>
  <datafield tag="035" ind1=" " ind2=" ">
    <subfield code="a">(Au-PeEL)EBL6946200</subfield>
  </datafield>
  <datafield tag="035" ind1=" " ind2=" ">
    <subfield code="a">(CKB)21479220400041</subfield>
  </datafield>
  <datafield tag="035" ind1=" " ind2=" ">
    <subfield code="a">(Exl-AI)6946200</subfield>
  </datafield>
  <datafield tag="035" ind1=" " ind2=" ">
    <subfield code="a">(OCoLC)1314626906</subfield>
  </datafield>
  <datafield tag="035" ind1=" " ind2=" ">
    <subfield code="a">(EXLCZ)9921479220400041</subfield>
  </datafield>
  <datafield tag="040" ind1=" " ind2=" ">
    <subfield code="a">MiAaPQ</subfield>
    <subfield code="b">eng</subfield>
    <subfield code="e">rda</subfield>
    <subfield code="e">pn</subfield>
    <subfield code="c">MiAaPQ</subfield>
    <subfield code="d">MiAaPQ</subfield>
  </datafield>
  <datafield tag="041" ind1=" " ind2=" ">
    <subfield code="a">eng</subfield>
  </datafield>
  <datafield tag="050" ind1=" " ind2="4">
    <subfield code="a">ND1489 </subfield>
    <subfield code="b">H67 2005</subfield>
  </datafield>
  <datafield tag="100" ind1=" " ind2=" ">
    <subfield code="a">Hornung, David</subfield>
    <subfield code="9">26298</subfield>
    <subfield code="e">author</subfield>
  </datafield>
  <datafield tag="245" ind1="1" ind2="0">
    <subfield code="a">Colour</subfield>
    <subfield code="b">: a workshop for artists, designers.</subfield>
  </datafield>
  <datafield tag="250" ind1=" " ind2=" ">
    <subfield code="a">Third edition.</subfield>
  </datafield>
  <datafield tag="260" ind1=" " ind2=" ">
    <subfield code="a">London :</subfield>
    <subfield code="b">Laurence King Publishing,</subfield>
    <subfield code="c">2020.</subfield>
  </datafield>
  <datafield tag="300" ind1=" " ind2=" ">
    <subfield code="a">160 pages :</subfield>
    <subfield code="b">illustrations (color) ;</subfield>
    <subfield code="c">28 cm.</subfield>
  </datafield>
  <datafield tag="505" ind1="8" ind2=" ">
    <subfield code="a">Foreword: Jennifer Maloney &#x2014; Introduction &#x2014; Part One: Seeing Color &#x2014;   The Visible Light Spectrum &#x2014;   How We Perceive Color &#x2014;   Color on the Computer Screen &#x2014;   The Effect of Light on Color Perception &#x2014;   Color Constancy &#x2014; Part Two: First Principles &#x2014;   The Structure of Color &#x2014;   Hue &#x2014;   Value &#x2014;   Saturation &#x2014;   Color Range &#x2014;   Color Wheels &#x2014;   Color on the Computer Screen &#x2014; Part Three: The Color Workshop &#x2014;   About the Workshop &#x2014;   Paint &#x2014;   Color Studies on the Computer &#x2014;   The Illustrated Glossary &#x2014; Part Four: Beginning Color Studies &#x2014;   Chromatic Darks &#x2014;   Handmade Assignment 1: Exploring Co-primaries &#x2014;   Video: Beginning Color Studies: Painting Swatches &#x2014;   Altering Color Attributes Through Intermixing &#x2014;   Handmade Assignment 2&#x2013;5: Saturation Studies.</subfield>
  </datafield>
  <datafield tag="520" ind1=" " ind2=" ">
    <subfield code="a">David Hornung's 'Color: A Workshop for Artists and Designers' serves as a comprehensive guide to understanding and applying color principles in art and design. This third edition emphasizes practical exploration through a series of assignments that encourage both personal and formal comprehension of color. Aimed at artists, designers, and students, the book provides detailed instructions on color perception, interaction, and harmony, along with an illustrated glossary for mastering color terminology. The book's educational approach is grounded in Hornung's extensive studio and classroom experience, offering an accessible yet profound insight into color theory and its application.</subfield>
  </datafield>
  <datafield tag="650" ind1=" " ind2="0">
    <subfield code="a">Color in art</subfield>
    <subfield code="9">26299</subfield>
  </datafield>
  <datafield tag="650" ind1=" " ind2="0">
    <subfield code="a">Color in visual communication</subfield>
    <subfield code="9">26300</subfield>
  </datafield>
  <datafield tag="942" ind1=" " ind2=" ">
    <subfield code="2">lcc</subfield>
  </datafield>
  <datafield tag="952" ind1=" " ind2=" ">
    <subfield code="0">0</subfield>
    <subfield code="1">0</subfield>
    <subfield code="2">lcc</subfield>
    <subfield code="4">0</subfield>
    <subfield code="7">0</subfield>
    <subfield code="a">TBS</subfield>
    <subfield code="b">TBS</subfield>
    <subfield code="d">2025-10-23</subfield>
    <subfield code="l">0</subfield>
    <subfield code="o">ND1489 HOR</subfield>
    <subfield code="p">B05704</subfield>
    <subfield code="r">2025-10-23</subfield>
    <subfield code="t">1</subfield>
    <subfield code="w">2025-10-23</subfield>
    <subfield code="y">1</subfield>
  </datafield>
  <datafield tag="999" ind1=" " ind2=" ">
    <subfield code="c">5097</subfield>
    <subfield code="d">5097</subfield>
  </datafield>
</record>
